Estudios de derecho civil (Record no. 164603)

MARC details
000 -LEADER
campo de control de longitud fija 01324nam a2200205 i 4500
001 - NÚMERO DE CONTROL
campo de control 164603
003 - IDENTIFICADOR DE NÚMERO DE CONTROL
campo de control ES-MaACL
005 - FECHA Y HORA DE LA ÚLTIMA TRANSACCIÓN
campo de control 20250809015522.0
008 - DATOS DE LONGITUD FIJA--INFORMACIÓN GENERAL
campo de control de longitud fija 950206m18991910sp |||| | spa d
100 1# - ENTRADA PRINCIPAL--NOMBRE DE PERSONA
Nombre de persona Sánchez Román, Felipe.
9 (RLIN) 102897
245 10 - MENCIÓN DEL TÍTULO
Título Estudios de derecho civil
Resto del título : según los principios, los precedentes y cuerpos legales del antiguo derecho de Castilla, las leyes civiles generales, las especialidades de las legislaciones forales, la jurisprudencia del Tribunal Supremo de Justicia y el Código civil, e historia general de la legislación española /
Mención de responsabilidad, etc. por Felipe Sánchez Román.
250 ## - MENCION DE EDICION
Mención de edición 2ª ed., ref., corr. y aum.
260 ## - PUBLICACIÓN, DISTRIBUCIÓN, ETC.
Lugar de publicación, distribución, etc. Madrid :
Nombre del editor, distribuidor, etc. [s.n.],
Fecha de publicación, distribución, etc. 1899-1910 (
Fabricante Estab. Tip. "Sucesores de Rivadeneyra")
300 ## - DESCRIPCIÓN FÍSICA
Extensión 7 t. en 10 v. ;
Dimensiones 24 cm.
505 0# - NOTA DE CONTENIDO CON FORMATO
Nota de contenido con formato 1. Introducción. Historia general de legislación española - 2. Parte general - 3. Derechos reales. Derecho de la propiedad y sus modificaciones - 4. Derecho de la obligaciones. Derecho de la contratación - 5. Derecho de familia (2 v.) - 6. Derecho de sucesiones ("Causa mortis") (3 v. ) - [7]. Apéndice
650 04 - PUNTO DE ACCESO ADICIONAL DE MATERIA--TÉRMINO DE MATERIA
Término de materia o nombre geográfico como elemento de entrada Derecho civil-
Subdivisión geográfica España
9 (RLIN) 11659
650 04 - PUNTO DE ACCESO ADICIONAL DE MATERIA--TÉRMINO DE MATERIA
Término de materia o nombre geográfico como elemento de entrada Derecho-
Subdivisión geográfica España-
Subdivisión de forma Historia
9 (RLIN) 11614
852 ## - LOCALIZACIÓN
Ubicación ES-MaACL
Número de control de estantería B-5322-31
Nota libre - Enc. pasta española, conservando cub. original
Holdings
Estatus retirado Estado de pérdida Estado de daño No para préstamo Colección Biblioteca de origen Biblioteca actual Ubicación en estantería Fecha de adquisición Total de préstamos Signatura topográfica completa Código de barras Visto por última vez Precio de reemplazo Tipo de ítem Koha
        Libros del s. XIX Biblioteca del Ateneo de Madrid Biblioteca del Ateneo de Madrid Sala Pardo Bazán 17/01/2008   B-5322-31 1172547 23/02/2023 23/02/2023 Libro impreso antiguo